书目信息 |
| 题名: |
文献采访学
|
|
| 作者: | 黄宗忠 主编 | |
| 分册: | ||
| 出版信息: | 北京 北京图书馆出版社 2001 |
|
| 页数: | 420页 | |
| 开本: | 21cm | |
| 丛书名: | ||
| 单 册: | ||
| 中图分类: | G253.1 | |
| 科图分类: | ||
| 主题词: | CT--S902597--图书采购 | |
| 电子资源: | ||
| ISBN: | 7-5013-1827-1 | |
| 000 | 00774nam0 2200229 45 | |
| 001 | 012002000533 | |
| 005 | 20070729094749.50 | |
| 010 | @a7-5013-1827-1@dCNY25.00 | |
| 035 | @a(011001)c2001100624 | |
| 100 | @a20011229d2001 em y0chiy0110 ea | |
| 101 | 0 | @achi |
| 102 | @aCN@b110000 | |
| 105 | @ay z 000yy | |
| 200 | 1 | @a文献采访学@9wen xian cai fang xue@f黄宗忠主编 |
| 210 | @a北京@c北京图书馆出版社@d2001 | |
| 215 | @a420页@d21cm | |
| 330 | @a本书比较全面地论述了文献采访工作和文献采访学、文献采访思想发展史、文献采访工作的组织与原则,概括地介绍了古今中外文献采访工作和文献采访学的各家观点与做法。 | |
| 606 | 0 | @2CT@3S902597@a图书采购 |
| 690 | @aG253.1@v4 | |
| 701 | 0 | @a黄宗忠@9huang zong zhong@4主编 |
| 801 | 0 | @aCN@bTSSF@c20070729 |
| 905 | @a10447@dG253.1@e110 | |
| 文献采访学/黄宗忠主编.-北京:北京图书馆出版社,2001 |
| 420页;21cm |
| ISBN 7-5013-1827-1:CNY25.00 |
| 本书比较全面地论述了文献采访工作和文献采访学、文献采访思想发展史、文献采访工作的组织与原则,概括地介绍了古今中外文献采访工作和文献采访学的各家观点与做法。 |
| ● |
| 相关链接 |
|
|
|
|
正题名:文献采访学
索取号:G253.1/110
 
预约/预借
| 序号 | 登录号 | 条形码 | 馆藏地/架位号 | 状态 | 备注 |
| 1 | 0784067 | 207840675 | 第一样本阅览室/ [索取号:G253.1/110] | 在馆 | |
| 2 | 0784068 | 207840684 | 第四借阅区/ [索取号:G253.1/110] | 在馆 | |
| 3 | 0785060 | 207850609 | 第四借阅区/ [索取号:G253.1/110] | 在馆 | |
| 4 | 0785061 | 207850618 | 第四借阅区/ [索取号:G253.1/110] | 在馆 |